<?xml version="1.0" encoding="UTF-8"?>
<record
    xmlns:xsi="http://www.w3.org/2001/XMLSchema-instance"
    xsi:schemaLocation="http://www.loc.gov/MARC21/slim http://www.loc.gov/standards/marcxml/schema/MARC21slim.xsd"
    xmlns="http://www.loc.gov/MARC21/slim">

  <leader>03458nam a2200421 i 4500</leader>
  <controlfield tag="001">000000447139</controlfield>
  <controlfield tag="003">IT-MiSPE</controlfield>
  <controlfield tag="005">20250223114457.0</controlfield>
  <controlfield tag="008">210130s2021    it            001 u ita d</controlfield>
  <datafield tag="020" ind1=" " ind2=" ">
    <subfield code="a">9788839920317</subfield>
  </datafield>
  <datafield tag="040" ind1=" " ind2=" ">
    <subfield code="a">IT-MiSPE</subfield>
    <subfield code="b">ita</subfield>
    <subfield code="d">IT-MiSPE</subfield>
    <subfield code="e">rda</subfield>
    <subfield code="c">IT-MiSPE</subfield>
  </datafield>
  <datafield tag="082" ind1=" " ind2=" ">
    <subfield code="a">226.06-ALE je me (ppv 23346)</subfield>
  </datafield>
  <datafield tag="100" ind1="1" ind2=" ">
    <subfield code="a">Aletti, Jean-No&#xEB;l,</subfield>
    <subfield code="c">s.j.,</subfield>
    <subfield code="d">1942-,</subfield>
    <subfield code="e">autore.</subfield>
    <subfield code="9">61653</subfield>
  </datafield>
  <datafield tag="240" ind1="1" ind2="3">
    <subfield code="a">Le Messie souffrant, un d&#xE9;fi pour Matthieu, Marc et Luc.</subfield>
    <subfield code="l">Italiano</subfield>
  </datafield>
  <datafield tag="245" ind1="1" ind2="3">
    <subfield code="a">Il Messia sofferente :</subfield>
    <subfield code="b">una sfida per Matteo, Marco e Luca : saggio sulla tipologia dei Vangeli sinottici /</subfield>
    <subfield code="c">Jean-No&#xEB;l Aletti.</subfield>
  </datafield>
  <datafield tag="264" ind1=" " ind2="4">
    <subfield code="c">&#xA9;2021.</subfield>
  </datafield>
  <datafield tag="264" ind1=" " ind2="1">
    <subfield code="a">Brescia :</subfield>
    <subfield code="b">Queriniana,</subfield>
    <subfield code="c">[2021]</subfield>
  </datafield>
  <datafield tag="300" ind1=" " ind2=" ">
    <subfield code="a">173 pagine ;</subfield>
    <subfield code="c">23 cm</subfield>
  </datafield>
  <datafield tag="336" ind1=" " ind2=" ">
    <subfield code="a">testo</subfield>
    <subfield code="b">txt</subfield>
    <subfield code="2">rdacontent</subfield>
  </datafield>
  <datafield tag="337" ind1=" " ind2=" ">
    <subfield code="a">senza mediazione</subfield>
    <subfield code="b">n</subfield>
    <subfield code="2">rdamedia</subfield>
  </datafield>
  <datafield tag="338" ind1=" " ind2=" ">
    <subfield code="a">volume</subfield>
    <subfield code="b">nc</subfield>
    <subfield code="2">rdacarrier</subfield>
  </datafield>
  <datafield tag="490" ind1="1" ind2=" ">
    <subfield code="a">Biblioteca biblica ;</subfield>
    <subfield code="v">31</subfield>
  </datafield>
  <datafield tag="500" ind1=" " ind2=" ">
    <subfield code="a">Titolo originale: Le Messie souffrant, un d&#xE9;fi pour Matthieu, Marc et Luc</subfield>
  </datafield>
  <datafield tag="504" ind1=" " ind2=" ">
    <subfield code="a">Bibliografia (pagine [163]-167) e indice</subfield>
  </datafield>
  <datafield tag="520" ind1=" " ind2=" ">
    <subfield code="a">Voler scrivere una vita di Ges&#xF9;, nella cultura del I secolo d.C., era in buona sostanza una pretesa assurda: occorreva assolutamente dimostrare che le sofferenze e la morte del Nazareno non mettevano affatto in discussione la sua qualit&#xE0; di Inviato di Dio. Per gli autori dei vangeli sinottici era dunque decisivo giustificare questa anomalia, superare questo handicap.
In effetti, se per i discepoli la risurrezione aveva reso Ges&#xF9; una gloriosa figura messianica, il rifiuto di cui era stato oggetto e la sua morte ignominiosa smentivano nella maniera pi&#xF9; radicale che egli fosse un messia: la sua fine era anzi quella di un ribelle, di un impostore o di un bestemmiatore &#x2013; insomma, la fine di una figura lontanissima dalle vie di Dio.
Matteo, Marco e Luca raccolsero questa autentica sfida editoriale. Rivisitarono le Scritture di Israele per trovarvi figure di inviati divini perseguitati e rifiutati. Avvalendosi delle tecniche della tipologia, essi mostrarono cos&#xEC; che Ges&#xF9; &#x2013; essendo veramente un profeta &#x2013; aveva vissuto un destino tragico del tutto simile al loro.
Aletti, docente solido, internazionalmente apprezzato, ci guida a scoprire i segreti di questa sfida, affrontata dai credenti delle prime comunit&#xE0; cristiane.</subfield>
  </datafield>
  <datafield tag="630" ind1="0" ind2="4">
    <subfield code="a">Biblia.</subfield>
    <subfield code="p">N.T.</subfield>
    <subfield code="p">Evang. sec. Matthaeum</subfield>
    <subfield code="x">Studio italiano.</subfield>
    <subfield code="9">61654</subfield>
  </datafield>
  <datafield tag="630" ind1="0" ind2="4">
    <subfield code="a">Biblia.</subfield>
    <subfield code="p">N.T.</subfield>
    <subfield code="p">Evang. sec. Marcum</subfield>
    <subfield code="x">Studio italiano.</subfield>
    <subfield code="9">61655</subfield>
  </datafield>
  <datafield tag="630" ind1="0" ind2="4">
    <subfield code="a">Biblia.</subfield>
    <subfield code="p">N.T.</subfield>
    <subfield code="p">Evang. sec. Lucam</subfield>
    <subfield code="x">Studio italiano.</subfield>
    <subfield code="9">61656</subfield>
  </datafield>
  <datafield tag="655" ind1=" " ind2="7">
    <subfield code="a">Sacra Scrittura. Studi sul Nuovo Testamento</subfield>
    <subfield code="x">Studi sinottici e Atti degli apostoli - Fragmenta Q.</subfield>
    <subfield code="2">local</subfield>
    <subfield code="9">61657</subfield>
  </datafield>
  <datafield tag="655" ind1=" " ind2="7">
    <subfield code="a">Sacra Scrittura. Studi sul Nuovo Testamento</subfield>
    <subfield code="x">Teologia del Nuovo Testamento.</subfield>
    <subfield code="2">local</subfield>
    <subfield code="9">60830</subfield>
  </datafield>
  <datafield tag="700" ind1="1" ind2="2">
    <subfield code="i">Contiene (opera)</subfield>
    <subfield code="a">Aletti, Jean-No&#xEB;l,</subfield>
    <subfield code="c">s.j.,</subfield>
    <subfield code="d">1942-</subfield>
    <subfield code="t">Le Messie souffrant, un d&#xE9;fi pour Matthieu, Marc et Luc.</subfield>
    <subfield code="9">61658</subfield>
  </datafield>
  <datafield tag="700" ind1="1" ind2="2">
    <subfield code="i">Contiene (espressione)</subfield>
    <subfield code="a">Aletti, Jean-No&#xEB;l,</subfield>
    <subfield code="c">s.j.,</subfield>
    <subfield code="d">1942-</subfield>
    <subfield code="t">Le Messie souffrant, un d&#xE9;fi pour Matthieu, Marc et Luc.</subfield>
    <subfield code="l">Italiano.</subfield>
    <subfield code="9">61659</subfield>
  </datafield>
  <datafield tag="765" ind1="0" ind2=" ">
    <subfield code="a">Aletti, Jean-No&#xEB;l, s.j., 1942-, autore.</subfield>
    <subfield code="t">Messie souffrant, un d&#xE9;fi pour Matthieu, Marc et Luc.</subfield>
    <subfield code="k">Livre et le rouleau</subfield>
    <subfield code="z">978-2-87299-372-7</subfield>
    <subfield code="w">()440790</subfield>
  </datafield>
  <datafield tag="775" ind1="0" ind2=" ">
    <subfield code="a">Aletti, Jean-No&#xEB;l, s.j., 1942-, autore.</subfield>
    <subfield code="t">Senza tipologia nessun Vangelo.</subfield>
    <subfield code="e">ita</subfield>
    <subfield code="f">it </subfield>
    <subfield code="k">Lectio [San Paolo e G&amp;BPress]</subfield>
    <subfield code="z">978-88-922195-4-0</subfield>
    <subfield code="w">()438778</subfield>
  </datafield>
  <datafield tag="830" ind1=" " ind2="0">
    <subfield code="a">Biblioteca biblica ;</subfield>
    <subfield code="v">31.</subfield>
    <subfield code="9">60837</subfield>
  </datafield>
  <datafield tag="942" ind1=" " ind2=" ">
    <subfield code="2">ddc</subfield>
    <subfield code="c">BK</subfield>
  </datafield>
  <datafield tag="999" ind1=" " ind2=" ">
    <subfield code="c">360391</subfield>
    <subfield code="d">360391</subfield>
  </datafield>
  <datafield tag="952" ind1=" " ind2=" ">
    <subfield code="0">0</subfield>
    <subfield code="1">0</subfield>
    <subfield code="2">ddc</subfield>
    <subfield code="4">0</subfield>
    <subfield code="6">226_000000000000000_06ALE_JE_ME_PPV_23346</subfield>
    <subfield code="7">1</subfield>
    <subfield code="a">CINISELLO</subfield>
    <subfield code="b">CINISELLO</subfield>
    <subfield code="d">2025-02-23</subfield>
    <subfield code="l">0</subfield>
    <subfield code="o">226.06-ALE je me (ppv 23346)</subfield>
    <subfield code="p">9788839920317</subfield>
    <subfield code="r">2025-02-23 11:43:20</subfield>
    <subfield code="w">2025-02-23</subfield>
    <subfield code="y">BK</subfield>
  </datafield>
</record>
